<?xml version="1.0" encoding="UTF-8"?>
<record
    xmlns:xsi="http://www.w3.org/2001/XMLSchema-instance"
    xsi:schemaLocation="http://www.loc.gov/MARC21/slim http://www.loc.gov/standards/marcxml/schema/MARC21slim.xsd"
    xmlns="http://www.loc.gov/MARC21/slim">

  <leader>00643nam a22001937a 4500</leader>
  <datafield tag="999" ind1=" " ind2=" ">
    <subfield code="c">124863</subfield>
    <subfield code="d">124863</subfield>
  </datafield>
  <controlfield tag="005">20211204114604.0</controlfield>
  <controlfield tag="008">211204b           ||||| |||| 00| 0 eng d</controlfield>
  <datafield tag="020" ind1=" " ind2=" ">
    <subfield code="a">9780344965647</subfield>
  </datafield>
  <datafield tag="040" ind1=" " ind2=" ">
    <subfield code="c">PK-LaUMT</subfield>
  </datafield>
  <datafield tag="082" ind1=" " ind2=" ">
    <subfield code="a">581.659</subfield>
    <subfield code="b">BER-P</subfield>
  </datafield>
  <datafield tag="100" ind1=" " ind2=" ">
    <subfield code="a">Bernhard-Smith, Arthur</subfield>
  </datafield>
  <datafield tag="245" ind1=" " ind2=" ">
    <subfield code="a">Poisonous plants of all countries. with the active, chemical principles which they contain; and the toxic symptoms produced by each group /</subfield>
    <subfield code="c">by Arthur Bernhard-Smith</subfield>
  </datafield>
  <datafield tag="260" ind1=" " ind2=" ">
    <subfield code="a">London :</subfield>
    <subfield code="b">Bristol John Wright &amp; Co.,</subfield>
    <subfield code="c">1905</subfield>
  </datafield>
  <datafield tag="300" ind1=" " ind2=" ">
    <subfield code="a">88 p.</subfield>
  </datafield>
  <datafield tag="650" ind1=" " ind2=" ">
    <subfield code="a">Poisonous plants</subfield>
  </datafield>
  <datafield tag="650" ind1=" " ind2=" ">
    <subfield code="a">Harmful plants</subfield>
  </datafield>
  <datafield tag="650" ind1=" " ind2=" ">
    <subfield code="a">Injurious plants</subfield>
  </datafield>
  <datafield tag="942" ind1=" " ind2=" ">
    <subfield code="c">BK</subfield>
  </datafield>
  <datafield tag="952" ind1=" " ind2=" ">
    <subfield code="0">0</subfield>
    <subfield code="1">0</subfield>
    <subfield code="4">0</subfield>
    <subfield code="7">0</subfield>
    <subfield code="a">HSC</subfield>
    <subfield code="b">HSC</subfield>
    <subfield code="d">2021-12-04</subfield>
    <subfield code="l">0</subfield>
    <subfield code="o">581.659 BER-P</subfield>
    <subfield code="p">140039</subfield>
    <subfield code="r">2021-12-04 00:00:00</subfield>
    <subfield code="w">2021-12-04</subfield>
    <subfield code="y">BK</subfield>
  </datafield>
  <datafield tag="952" ind1=" " ind2=" ">
    <subfield code="0">0</subfield>
    <subfield code="1">0</subfield>
    <subfield code="4">0</subfield>
    <subfield code="7">0</subfield>
    <subfield code="a">HSC</subfield>
    <subfield code="b">HSC</subfield>
    <subfield code="d">2021-12-04</subfield>
    <subfield code="l">0</subfield>
    <subfield code="o">581.659 BER-P</subfield>
    <subfield code="p">140040</subfield>
    <subfield code="r">2021-12-04 00:00:00</subfield>
    <subfield code="t">C.2</subfield>
    <subfield code="w">2021-12-04</subfield>
    <subfield code="y">BK</subfield>
  </datafield>
  <datafield tag="952" ind1=" " ind2=" ">
    <subfield code="0">0</subfield>
    <subfield code="1">0</subfield>
    <subfield code="4">0</subfield>
    <subfield code="7">0</subfield>
    <subfield code="a">HSC</subfield>
    <subfield code="b">HSC</subfield>
    <subfield code="d">2021-12-04</subfield>
    <subfield code="l">0</subfield>
    <subfield code="o">581.659 BER-P</subfield>
    <subfield code="p">140041</subfield>
    <subfield code="r">2021-12-04 00:00:00</subfield>
    <subfield code="t">C.3</subfield>
    <subfield code="w">2021-12-04</subfield>
    <subfield code="y">BK</subfield>
  </datafield>
  <datafield tag="952" ind1=" " ind2=" ">
    <subfield code="0">0</subfield>
    <subfield code="1">0</subfield>
    <subfield code="4">0</subfield>
    <subfield code="7">0</subfield>
    <subfield code="a">HSC</subfield>
    <subfield code="b">HSC</subfield>
    <subfield code="d">2021-12-04</subfield>
    <subfield code="l">0</subfield>
    <subfield code="o">581.659 BER-P</subfield>
    <subfield code="p">140042</subfield>
    <subfield code="r">2021-12-04 00:00:00</subfield>
    <subfield code="t">C.4</subfield>
    <subfield code="w">2021-12-04</subfield>
    <subfield code="y">BK</subfield>
  </datafield>
  <datafield tag="952" ind1=" " ind2=" ">
    <subfield code="0">0</subfield>
    <subfield code="1">0</subfield>
    <subfield code="4">0</subfield>
    <subfield code="7">0</subfield>
    <subfield code="a">HSC</subfield>
    <subfield code="b">HSC</subfield>
    <subfield code="d">2021-12-04</subfield>
    <subfield code="l">0</subfield>
    <subfield code="o">581.659 BER-P</subfield>
    <subfield code="p">140043</subfield>
    <subfield code="r">2021-12-04 00:00:00</subfield>
    <subfield code="t">C.5</subfield>
    <subfield code="w">2021-12-04</subfield>
    <subfield code="y">BK</subfield>
  </datafield>
  <datafield tag="952" ind1=" " ind2=" ">
    <subfield code="0">0</subfield>
    <subfield code="1">0</subfield>
    <subfield code="4">0</subfield>
    <subfield code="7">0</subfield>
    <subfield code="a">HSC</subfield>
    <subfield code="b">HSC</subfield>
    <subfield code="d">2021-12-04</subfield>
    <subfield code="l">0</subfield>
    <subfield code="o">581.659 BER-P</subfield>
    <subfield code="p">140044</subfield>
    <subfield code="r">2021-12-04 00:00:00</subfield>
    <subfield code="t">C.6</subfield>
    <subfield code="w">2021-12-04</subfield>
    <subfield code="y">BK</subfield>
  </datafield>
  <datafield tag="952" ind1=" " ind2=" ">
    <subfield code="0">0</subfield>
    <subfield code="1">0</subfield>
    <subfield code="4">0</subfield>
    <subfield code="7">0</subfield>
    <subfield code="a">HSC</subfield>
    <subfield code="b">HSC</subfield>
    <subfield code="d">2021-12-04</subfield>
    <subfield code="l">0</subfield>
    <subfield code="o">581.659 BER-P</subfield>
    <subfield code="p">140045</subfield>
    <subfield code="r">2021-12-04 00:00:00</subfield>
    <subfield code="t">C.7</subfield>
    <subfield code="w">2021-12-04</subfield>
    <subfield code="y">BK</subfield>
  </datafield>
  <datafield tag="952" ind1=" " ind2=" ">
    <subfield code="0">0</subfield>
    <subfield code="1">0</subfield>
    <subfield code="4">0</subfield>
    <subfield code="7">0</subfield>
    <subfield code="a">HSC</subfield>
    <subfield code="b">HSC</subfield>
    <subfield code="d">2021-12-04</subfield>
    <subfield code="l">0</subfield>
    <subfield code="o">581.659 BER-P</subfield>
    <subfield code="p">140046</subfield>
    <subfield code="r">2021-12-04 00:00:00</subfield>
    <subfield code="t">C.8</subfield>
    <subfield code="w">2021-12-04</subfield>
    <subfield code="y">BK</subfield>
  </datafield>
  <datafield tag="952" ind1=" " ind2=" ">
    <subfield code="0">0</subfield>
    <subfield code="1">0</subfield>
    <subfield code="4">0</subfield>
    <subfield code="7">0</subfield>
    <subfield code="a">HSC</subfield>
    <subfield code="b">HSC</subfield>
    <subfield code="d">2021-12-04</subfield>
    <subfield code="l">0</subfield>
    <subfield code="o">581.659 BER-P</subfield>
    <subfield code="p">140047</subfield>
    <subfield code="r">2021-12-04 00:00:00</subfield>
    <subfield code="t">C.9</subfield>
    <subfield code="w">2021-12-04</subfield>
    <subfield code="y">BK</subfield>
  </datafield>
  <datafield tag="952" ind1=" " ind2=" ">
    <subfield code="0">0</subfield>
    <subfield code="1">0</subfield>
    <subfield code="4">0</subfield>
    <subfield code="7">0</subfield>
    <subfield code="a">HSC</subfield>
    <subfield code="b">HSC</subfield>
    <subfield code="d">2021-12-04</subfield>
    <subfield code="l">0</subfield>
    <subfield code="o">581.659 BER-P</subfield>
    <subfield code="p">140048</subfield>
    <subfield code="r">2021-12-04 00:00:00</subfield>
    <subfield code="t">C.10</subfield>
    <subfield code="w">2021-12-04</subfield>
    <subfield code="y">BK</subfield>
  </datafield>
</record>
